People's power in practice : (Record no. 134372)
[ view plain ]
| 000 -LEADER | |
|---|---|
| fixed length control field | 00793nam a22002417a 4500 |
| 003 - CONTROL NUMBER IDENTIFIER | |
| control field | dpl |
| 005 - DATE AND TIME OF LATEST TRANSACTION | |
| control field | 20180801131819.0 |
| 008 - FIXED-LENGTH DATA ELEMENTS--GENERAL INFORMATION | |
| fixed length control field | 180801b xxu||||| |||| 00| 0 eng d |
| 010 ## - LIBRARY OF CONGRESS CONTROL NUMBER | |
| LC control number | A-940391 |
| 020 ## - INTERNATIONAL STANDARD BOOK NUMBER | |
| Terms of availability | 300.00 |
| International Standard Book Number | 8176260142 |
| 035 ## - SYSTEM CONTROL NUMBER | |
| System control number | A-940391, A-940395 |
| 037 ## - SOURCE OF ACQUISITION | |
| Source of stock number/acquisition | Cen Lib/Ret |
| 040 ## - CATALOGING SOURCE | |
| Original cataloging agency | DPL |
| Language of cataloging | EN |
| Transcribing agency | 0 |
| 082 ## - DEWEY DECIMAL CLASSIFICATION NUMBER | |
| Classification number | 338.95452 |
| Item number | PEO |
| 245 ## - TITLE STATEMENT | |
| Title | People's power in practice : |
| Statement of responsibility, etc | edited by jyoti Basu... [et al.] |
| Remainder of title | 20 years of left front in west Bengal / |
| 260 ## - PUBLICATION, DISTRIBUTION, ETC. (IMPRINT) | |
| Place of publication, distribution, etc | Calcutta |
| Name of publisher, distributor, etc | National book agency |
| Date of publication, distribution, etc | 1997 |
| 270 ## - ADDRESS | |
| City | Calcutta |
| Address | 12 Bankim chatterjee street |
| Postal code | 700073 |
| 300 ## - PHYSICAL DESCRIPTION | |
| Extent | xL,261p. |
| Dimensions | 23cm(Hb) |
| 650 ## - SUBJECT ADDED ENTRY--TOPICAL TERM | |
| Topical term or geographic name as entry element | People's power |
| 9 (RLIN) | 40545 |
| 650 ## - SUBJECT ADDED ENTRY--TOPICAL TERM | |
| Topical term or geographic name as entry element | Land reforms |
| Geographic subdivision | West Bengal |
| 9 (RLIN) | 40546 |
| 700 ## - ADDED ENTRY--PERSONAL NAME | |
| Personal name | Basu, Jyoti |
| 9 (RLIN) | 12673 |
| 942 ## - ADDED ENTRY ELEMENTS (KOHA) | |
| Source of classification or shelving scheme | Dewey Decimal Classification |
| Koha item type | English Books |
| Classification part | 338.95452 |
| Call number suffix | PEO |
| Withdrawn status | Lost status | Damaged status | Not for loan | Collection code | Home library | Current library | Date acquired | Source of acquisition | Cost, normal purchase price | Total Checkouts | Full call number | Barcode | Date last seen | Copy number | Cost, replacement price | Price effective from | Koha item type | Source of classification or shelving scheme |
|---|---|---|---|---|---|---|---|---|---|---|---|---|---|---|---|---|---|---|
| Not For Loan | Reference | Central Library | Central Library | 29/07/2015 | Cen Lib/Ret | 0.00 | 338.95452 PEO | A-940391 | 29/07/2015 | 1 | 0.00 | 29/07/2015 | English Books | |||||
| Non-fiction | Shahdara Branch | Shahdara Branch | 01/08/2018 | BPPD/PUB | 300.00 | 338.95452 PEO | A-940395 | 01/08/2018 | 300.00 | 01/08/2018 | English Books | Dewey Decimal Classification |
